| 000 | 01332cam a2200217 4500 | ||
|---|---|---|---|
| 001 | WB3813-17 | ||
| 008 | 020411n2002 000 0 eng u | ||
| 035 | _a(Sirsi) u117439 | ||
| 245 | _aExceptions to right to acquire freehold | ||
| 260 | _c2002 | ||
| 490 |
_aEstates Gazette _v[2002]14 EG 123 (CS) (6/4/02) |
||
| 520 | _a"Skinns v Greenwood" CA 12 March 2002. Appellant tenant (S) held a 90-year lease which provided on death that her executors or the landlord could terminate the tenancy by giving not less than one month's notice. The tenant sought to acquire the freehold under Leasehold Reform Act 1967s1(1) and s1AA. The respondent landlord (G) disputed this right as the lease was not a long tenancy and fell within the exception in s3(1)(b)of the1967 Act that a notice period of not more than three months applied to the lease being terminated after the tenant's death. Although the original judge held that S was entitled to acquire the freehold, his decision was overturned on appeal. CA dismissed S's appeal. | ||
| 590 | _aWB | ||
| 650 | _aLEASEHOLD REFORM ACT 1967 S3(1B) | ||
| 650 | _aLEASEHOLD REFORM ACT 1967 S1(1) | ||
| 650 | _aLEASEHOLD REFORM ACT 1967 S1AA | ||
| 650 | _aLONG TENANCIES | ||
| 650 | _aSKINNS V GREENWOOD | ||
| 690 | _aLANDLORD AND TENANT-RESIDENTIAL TENANCIES-CASE LAW | ||
| 942 | _n0 | ||
| 999 |
_c69964 _d69964 |
||